[Event "ICS Rated standard match"]
[Site "204.178.125.65"]
[Date "2000.06.04"]
[Round "?"]
[White "PostModernist"]
[Black "Hossa"]
[Result "1-0"]
[WhiteElo "2396"]
[BlackElo "2364"]
[PlyCount "101"]
[EventDate "2000.??.??"]

1. e4 e5 2. Bc4 Nf6 3. d3 Bc5 4. Nc3 d6 5. f4 Ng4 6. f5 Nf2 7. Qh5 O-O 8. Nh3
Nxh1 9. Ng5 Bf2+ 10. Ke2 h6 11. Nxf7 Qh4 12. Nxh6+ Kh7 13. Qg6+ Kh8 14. Bg5
Bxf5 15. Nxf5 Qh7 16. Qxh7+ Kxh7 17. Rxh1 Bb6 18. Be7 Rh8 19. Rf1 g6 20. Nh4
Nc6 21. Rf7+ Kh6 22. Bf6 Rhg8 23. g4 Nd4+ 24. Kd2 g5 25. Nf5+ Nxf5 26. exf5 c6
27. Be6 Ba5 28. Rxb7 Bxc3+ 29. Kxc3 a5 30. Bxg8 Rxg8 31. Ra7 a4 32. Rxa4 Re8
33. Ra7 Rg8 34. Rf7 e4 35. dxe4 d5 36. exd5 cxd5 37. Be7 Rc8+ 38. Kd4 Re8 39.
Bf8+ Rxf8 40. Rxf8 Kg7 41. Ra8 Kf7 42. Ke5 d4 43. Ra7+ Kf8 44. Kf6 Ke8 45. Ke6
Kf8 46. Ra8+ Kg7 47. f6+ Kg6 48. f7 d3 49. f8=Q dxc2 50. Qf7+ Kh6 51. Rh8# {
Hossa checkmated} 1-0

[Event "ICS rated blitz match"]
[Site "204.178.125.65"]
[Date "2000.06.04"]
[Round "?"]
[White "Hossa"]
[Black "QueenMaxima"]
[Result "0-1"]
[WhiteElo "2371"]
[BlackElo "2595"]
[PlyCount "102"]
[EventDate "2000.??.??"]

1. d4 Nf6 2. c4 e6 3. Nf3 b6 4. Nc3 Bb7 5. Bg5 Bb4 6. e3 h6 7. Bxf6 Qxf6 8. Be2
Nc6 9. O-O O-O 10. e4 Qf4 11. Bd3 a5 12. e5 Bxc3 13. bxc3 f6 14. exf6 Rxf6 15.
Qc2 Raf8 16. Rae1 h5 17. d5 Ne7 18. Ne5 Rd8 19. Bh7+ Kf8 20. dxe6 Rxe6 21.
Nxd7+ Rxd7 22. Rxe6 Bxg2 23. Rxe7 Bf3 24. Qf5+ Qxf5 25. Re8+ Kxe8 26. Bxf5 Rd2
27. Re1+ Kd8 28. Bb1 g5 29. h3 c5 30. a3 Kc7 31. Bg6 h4 32. Be8 Rd3 33. Kh2
Rxc3 34. Re3 Rxe3 35. fxe3 Kd6 36. Kg1 Ke5 37. Kf2 Be4 38. Bd7 Bd3 39. Kf3 Bxc4
40. a4 Be6 41. Bb5 Bxh3 42. Ke2 Bf5 43. Kf2 g4 44. Kg2 Be4+ 45. Kh2 g3+ 46. Kh3
Bf5+ 47. Kxh4 g2 48. Kh5 g1=Q 49. Be2 Kf6 50. Bg4 Qxg4+ 51. Kh6 Qh4# {
Hossa checkmated} 0-1

[Event "ICS rated blitz match"]
[Site "204.178.125.65"]
[Date "2000.06.04"]
[Round "?"]
[White "PostModernist"]
[Black "Hossa"]
[Result "1/2-1/2"]
[WhiteElo "2681"]
[BlackElo "2364"]
[PlyCount "258"]
[EventDate "2000.??.??"]

1. d4 Nf6 2. c4 e6 3. g3 c5 4. d5 exd5 5. cxd5 Qa5+ 6. Bd2 Qb6 7. Nc3 Na6 8. e4
d6 9. Na4 Qc7 10. Bxa6 bxa6 11. Nc3 Be7 12. Qa4+ Bd7 13. Qxa6 Rb8 14. O-O-O O-O
15. Nf3 Ng4 16. Qe2 f5 17. h3 Ne5 18. Nxe5 dxe5 19. exf5 Qb7 20. b3 c4 21. Qxc4
Rbc8 22. Qe2 Ba3+ 23. Kb1 Bxf5+ 24. Ka1 Bc2 25. Rde1 e4 26. Qg4 Rxf2 27. Re2
Rxe2 28. Qe6+ Kh8 29. Nxe2 Qa8 30. Bc1 Re8 31. Qc6 Qxc6 32. dxc6 Bc5 33. Bb2
Bd6 34. Nd4 Bd3 35. Nf5 Bf8 36. c7 Rc8 37. Be5 Kg8 38. Rd1 Kf7 39. g4 Ke6 40.
Bxg7 Bb4 41. Rc1 Kd7 42. Be5 Bd2 43. Rd1 Ba5 44. a4 Ke6 45. Bd6 Bxc7 46. Rc1
Kd7 47. Ne7 Re8 48. Bxc7 Rxe7 49. Bg3 Ke6 50. Rc6+ Kf7 51. Bh4 Rd7 52. Bg5 Rb7
53. Kb2 Kg8 54. Be3 Be2 55. a5 a6 56. g5 Kf7 57. h4 Rd7 58. h5 Rd5 59. b4 Bb5
60. Rh6 Kg8 61. Re6 Bd3 62. h6 Rd7 63. g6 hxg6 64. Rxg6+ Kh7 65. Rg3 Kh8 66.
Bd2 Rc7 67. Rg2 Re7 68. Kc3 Rc7+ 69. Kb3 Bc4+ 70. Kb2 Bd3 71. Bf4 Rc8 72. Rg7
Re8 73. Kc3 Bb5 74. Kd4 Rd8+ 75. Kxe4 Bc6+ 76. Ke5 Bb5 77. Bg5 Rg8 78. Bf6 Rxg7
79. hxg7+ Kg8 80. Kd6 Kf7 81. Be5 Bd3 82. Kd5 Bb5 83. Bd4 Bd3 84. Bf6 Be2 85.
Kd4 Bb5 86. Kc5 Kg8 87. Be5 Kf7 88. Bd4 Kg8 89. Kd5 Kf7 90. Bc3 Bd3 91. Kd6 Bb5
92. Bd4 Bd3 93. Kc5 Bb5 94. Be5 Kg8 95. Bc3 Kf7 96. Bb2 Bd3 97. Bc3 Bb5 98. Ba1
Bd3 99. Kd5 Kg8 100. Be5 Bb5 101. Bc3 Kf7 102. Kc5 Bd3 103. Bf6 Bb5 104. Kd6
Bc4 105. Bb2 Bb5 106. Ba1 Bc4 107. Kc6 Bb5+ 108. Kc7 Bc4 109. Bd4 Bb5 110. Bb2
Kg8 111. Kb6 Kf7 112. Ba1 Bc4 113. Kc7 Bb5 114. Bc3 Kg8 115. Bb2 Kf7 116. Kb6
Bc4 117. Bd4 Bb5 118. Kc7 Kg8 119. Kd6 Kf7 120. Bc3 Bc4 121. Ba1 Bb5 122. Bb2
Bc4 123. Kc6 Kg8 124. Bd4 Kf7 125. Bc3 Kg8 126. Bf6 Kf7 127. Be5 Bb5+ 128. Kc7
Kg8 129. Kd6 Kf7 1/2-1/2

[Event "ICS rated standard match"]
[Site "204.178.125.65"]
[Date "2000.06.04"]
[Round "?"]
[White "Hossa"]
[Black "Tinker"]
[Result "1/2-1/2"]
[WhiteElo "2349"]
[BlackElo "2403"]
[PlyCount "186"]
[EventDate "2000.??.??"]

1. e4 e5 2. Bc4 Nc6 3. Nc3 Nf6 4. d3 Na5 5. Nge2 Nxc4 6. dxc4 h6 7. Ng3 Bb4 8.
Bd2 O-O 9. Nd5 Bxd2+ 10. Qxd2 d6 11. O-O-O Ne8 12. f3 b6 13. Ne2 Be6 14. g4 c6
15. Ne3 Qf6 16. Ng3 Qf4 17. Rhf1 Rd8 18. b3 f6 19. Rg1 Rd7 20. Qe2 Qg5 21. Ngf5
Rff7 22. Kb1 Qg6 23. h4 Rf8 24. Rd2 Qf7 25. Rgd1 Rd8 26. Nxd6 Nxd6 27. Rxd6 Rc8
28. Qd2 Rfe8 29. h5 Qf8 30. Qc3 c5 31. Qd2 Rc7 32. Nd5 Rb7 33. Nc3 Qe7 34. Nb5
Reb8 35. Qd3 Rf8 36. Nc3 Qf7 37. Qd2 Re8 38. Kb2 Qf8 39. Qd3 Rbe7 40. Qe2 Qf7
41. Nb5 a6 42. Nc3 Rb7 43. Nd5 Reb8 44. Qd3 Qe8 45. Qd2 Kh7 46. Kb1 a5 47. Nc3
Kg8 48. Kb2 Qe7 49. Qd3 Kf7 50. Qe2 Kf8 51. Qg2 Bf7 52. R6d2 Kg8 53. Qf2 Be6
54. Qh2 Qf8 55. Qg3 Bf7 56. Nb5 a4 57. Nc3 axb3 58. cxb3 Ra8 59. Rd6 Qe7 60.
Qf2 Rab8 61. Qd2 Be8 62. Rd8 Rxd8 63. Qxd8 Kf8 64. Qc8 Qc7 65. Qxc7 Rxc7 66.
Rd8 Rd7 67. Rxd7 Bxd7 68. Ka3 f5 69. gxf5 Be8 70. Nd5 Bxh5 71. Nxb6 Ke7 72. Na4
Kd6 73. b4 cxb4+ 74. Kxb4 Bxf3 75. Nc5 h5 76. Ne6 Bxe4 77. Nxg7 h4 78. f6 Bg6
79. f7 Ke7 80. Ne6 Bxf7 81. Ng5 Be6 82. Nf3 h3 83. Nh2 e4 84. Kc3 e3 85. Kd3
Kd6 86. Nf3 Kc5 87. Kxe3 Kxc4 88. Kf2 Bd5 89. Kg3 h2 90. Nxh2 Kb5 91. a3 Bh1
92. Nf1 Ka4 93. Nh2 Kxa3 1/2-1/2

[Event "ICS rated blitz match"]
[Site "204.178.125.65"]
[Date "2000.06.04"]
[Round "?"]
[White "QueenMaxima"]
[Black "Hossa"]
[Result "1-0"]
[WhiteElo "2625"]
[BlackElo "2371"]
[PlyCount "135"]
[EventDate "2000.??.??"]

1. d4 Nf6 2. c4 e6 3. Nf3 b6 4. g3 Ba6 5. b3 d5 6. cxd5 exd5 7. Bg2 Bb4+ 8. Bd2
Bxd2+ 9. Qxd2 O-O 10. Nc3 Re8 11. O-O Nbd7 12. Nh4 g6 13. Rac1 c6 14. Rc2 Qe7
15. Rfc1 Rac8 16. h3 Qf8 17. Nf3 Rcd8 18. Kh2 Qg7 19. b4 Ne4 20. Nxe4 dxe4 21.
Ne1 Ne5 22. e3 f5 23. f4 exf3 24. Nxf3 Qh6 25. Nxe5 Rxe5 26. Re1 Re7 27. Bxc6
Qg7 28. b5 Bc8 29. Rec1 Be6 30. Qb4 Qf8 31. a4 Bf7 32. Qd2 Bb3 33. Rc3 Qf7 34.
d5 Bxd5 35. Rd3 Re5 36. Rd1 Bxc6 37. Rxd8+ Be8 38. Qc3 Rc5 39. Qd3 Re5 40. Qd4
Re4 41. Qc3 Qa2+ 42. Kg1 Re7 43. Rxe8+ Rxe8 44. Rd7 Qb1+ 45. Kf2 Qa2+ 46. Kf3
Qf7 47. Rxf7 Kxf7 48. g4 Re7 49. gxf5 gxf5 50. Kf4 Kg6 51. Qc6+ Kg7 52. Kxf5
Kg8 53. Qd5+ Rf7+ 54. Kg5 Kf8 55. Qe5 Re7 56. Qh8+ Kf7 57. Qxh7+ Kf8 58. Qh8+
Kf7 59. e4 Rd7 60. e5 Ke7 61. e6 Rc7 62. Qf6+ Ke8 63. Qf4 Rb7 64. Qe4 Rc7 65.
Kf6 Rd7 66. Qc6 Kf8 67. Qc8+ Rd8 68. Qxd8# {Hossa checkmated} 1-0

[Event "ICS rated standard match"]
[Site "204.178.125.65"]
[Date "2000.06.04"]
[Round "?"]
[White "Tinker"]
[Black "Hossa"]
[Result "1-0"]
[WhiteElo "2401"]
[BlackElo "2351"]
[PlyCount "103"]
[EventDate "2000.??.??"]

1. e4 e5 2. Nc3 Nc6 3. Nf3 Nf6 4. Be2 Be7 5. d4 exd4 6. Nxd4 Bb4 7. Nxc6 bxc6
8. Qd4 Qe7 9. O-O c5 10. Qe3 O-O 11. e5 Bxc3 12. Qxc3 Nd5 13. Qg3 f6 14. Bc4 c6
15. Bf4 Rf7 16. exf6 Qxf6 17. Bd6 Qxb2 18. Rfe1 Bb7 19. Rab1 Qxc2 20. Bxd5 cxd5
21. Rxb7 h6 22. a4 d4 23. Reb1 Rc8 24. R7b2 Qxa4 25. Rb8 Rxb8 26. Rxb8+ Kh7 27.
Qd3+ g6 28. Bxc5 Qa1+ 29. Rb1 Qa5 30. Qxd4 a6 31. Ra1 Qb5 32. Bb4 d6 33. Qxd6
Rd7 34. Qe6 Ra7 35. Bc3 Qb7 36. Qf6 Qg7 37. Rxa6 Re7 38. Qxg7+ Rxg7 39. Bxg7
Kg8 40. Rxg6 Kf7 41. Rg3 h5 42. h4 Ke7 43. f4 Kf7 44. f5 Ke7 45. f6+ Kf7 46.
Rf3 Ke6 47. f7 Kd5 48. f8=Q Kc6 49. Qc8+ Kb5 50. Rb3+ Ka4 51. Qc4+ Ka5 52. Qb5#
{Hossa checkmated} 1-0

[Event "ICS rated standard match"]
[Site "204.178.125.65"]
[Date "2000.06.04"]
[Round "?"]
[White "Hossa"]
[Black "middie"]
[Result "1-0"]
[WhiteElo "2337"]
[BlackElo "2028"]
[PlyCount "51"]
[EventDate "2000.??.??"]

1. d4 Nf6 2. c4 c5 3. Nf3 cxd4 4. Nxd4 e5 5. Nc2 d5 6. cxd5 Nxd5 7. e4 Qa5+ 8.
Bd2 Nb4 9. Nc3 N8c6 10. Nd5 Nxc2+ 11. Qxc2 Qd8 12. Rd1 Bd6 13. Bc3 O-O 14. Bc4
Be6 15. O-O Qg5 16. Qb3 Bh3 17. Ne3 Bc5 18. Kh1 Bxe3 19. gxh3 Bf4 20. Qxb7 Na5
21. Bxf7+ Kh8 22. Bxa5 Qh4 23. Be6 Rab8 24. Qxa7 Rxb2 25. Bc3 Rxf2 26. Qxf2 {
middie resigns} 1-0

[Event "ICS rated blitz match"]
[Site "204.178.125.65"]
[Date "2000.06.04"]
[Round "?"]
[White "Amateur"]
[Black "Hossa"]
[Result "0-1"]
[WhiteElo "2563"]
[BlackElo "2365"]
[PlyCount "96"]
[EventDate "2000.??.??"]

1. e4 e5 2. Nf3 Nc6 3. Bb5 a6 4. Ba4 d6 5. c3 Bd7 6. O-O Nf6 7. Re1 b5 8. Bc2
Be7 9. d4 O-O 10. d5 Na5 11. Na3 Nb7 12. Qe2 Qc8 13. Bd2 c6 14. Bg5 cxd5 15.
exd5 Bg4 16. Rad1 Qc7 17. Bxf6 gxf6 18. h3 Bh5 19. Qe4 Bg6 20. Qg4 Nc5 21. Nh4
Rfe8 22. Nf5 Ra7 23. Re3 Bf8 24. Rf3 e4 25. Rf4 Qc8 26. b4 Nd3 27. Bxd3 exd3
28. Rxd3 Rc7 29. c4 bxc4 30. Rc3 Re1+ 31. Kh2 Qa8 32. Ne3 f5 33. Qg3 Bh6 34.
Rfxc4 f4 35. Qg4 fxe3 36. Rxc7 Qxd5 37. fxe3 Qe5+ 38. g3 Bxe3 39. Rc8+ Kg7 40.
Rc2 Bg1+ 41. Kg2 Qd5+ 42. Qf3 Be4 43. R8c3 Bxf3+ 44. Rxf3 Ba7 45. Rcf2 Rg1+ 46.
Kh2 Bxf2 47. Nb5 Qxf3 48. Na3 Rh1# {Amateur checkmated} 0-1

[Event "ICS rated standard match"]
[Site "204.178.125.65"]
[Date "2000.06.04"]
[Round "?"]
[White "expe"]
[Black "Hossa"]
[Result "0-1"]
[WhiteElo "2353"]
[BlackElo "2342"]
[PlyCount "114"]
[EventDate "2000.??.??"]

1. e4 e5 2. f4 exf4 3. Nf3 g5 4. Bc4 Bg7 5. d4 g4 6. O-O gxf3 7. Rxf3 Nc6 8. c3
d6 9. Rxf4 Nf6 10. Na3 Qe7 11. Qf3 Be6 12. Bd2 O-O-O 13. d5 Ne5 14. Qf2 Bh6 15.
Rxf6 Bxd2 16. dxe6 fxe6 17. Bxe6+ Kb8 18. Nb5 b6 19. Qf5 Qg7 20. Qf1 Be3+ 21.
Kh1 Rhf8 22. Rf5 Ng4 23. Qf3 Nf2+ 24. Kg1 Rxf5 25. Bxf5 Qh6 26. Kf1 Nd3 27. Nd4
Bxd4 28. cxd4 Qxh2 29. Ke2 Rg8 30. Bh3 Nf4+ 31. Kf2 Nxh3+ 32. Qxh3 Qf4+ 33. Kg1
Qxe4 34. Rd1 Qc2 35. Rf1 Qxb2 36. Rf4 Qxa2 37. Rg4 Rxg4 38. Qxg4 a6 39. Qg7 Kb7
40. Qxh7 Qa1+ 41. Kh2 Qxd4 42. Kh3 Qe3+ 43. g3 Qf3 44. Qh4 Qh1+ 45. Kg4 Qe4+
46. Kh3 Qxh4+ 47. gxh4 b5 48. h5 b4 49. h6 b3 50. h7 b2 51. h8=Q b1=Q 52. Qd4
Qh7+ 53. Kg3 Qg6+ 54. Kf3 c6 55. Qb4+ Kc8 56. Qb6 Qd3+ 57. Kf2 Qb5 {
expe resigns} 0-1

[Event "ICS rated standard match"]
[Site "204.178.125.65"]
[Date "2000.06.04"]
[Round "?"]
[White "Hossa"]
[Black "azaroso"]
[Result "1/2-1/2"]
[WhiteElo "2359"]
[BlackElo "2303"]
[PlyCount "105"]
[EventDate "2000.??.??"]

1. d4 Nf6 2. c4 c5 3. Nf3 cxd4 4. Nxd4 e5 5. Nc2 d5 6. cxd5 Bc5 7. Nc3 O-O 8.
e4 Ng4 9. Ne3 Nxe3 10. Bxe3 Bxe3 11. fxe3 Qh4+ 12. g3 Qg5 13. Qd2 Nd7 14. Bg2
Nb6 15. b3 Bg4 16. O-O f6 17. Nb5 Rfd8 18. Rac1 a6 19. Nc7 Rac8 20. d6 Qh6 21.
Rfe1 f5 22. exf5 Rxd6 23. Qa5 Rf8 24. Bxb7 Rxf5 25. Nd5 Rf2 26. h4 Rf7 27. Nxb6
Rxb7 28. Qxe5 Rd8 29. Nd5 Rbd7 30. Ne7+ Kh8 31. Nc6 Rc8 32. Nb4 Rcd8 33. Qf4
Qxf4 34. gxf4 Rd2 35. Nxa6 Rxa2 36. Nb4 Rad2 37. Nc6 Ra8 38. Ra1 Rc8 39. Ne5
Be6 40. b4 Rcc2 41. Ra8+ Bc8 42. Nf3 Rg2+ 43. Kh1 Rgf2 44. Rd1 h6 45. Nd4 Rh2+
46. Kg1 Rcf2 47. Rxc8+ Kh7 48. b5 Rhg2+ 49. Kh1 Rh2+ 50. Kg1 Rhg2+ 51. Kh1 Rh2+
52. Kg1 Rhg2+ 53. Kh1 1/2-1/2

[Event "ICS rated standard match"]
[Site "204.178.125.65"]
[Date "2000.06.04"]
[Round "?"]
[White "RudiLenz"]
[Black "Hossa"]
[Result "1/2-1/2"]
[WhiteElo "2145"]
[BlackElo "2356"]
[PlyCount "162"]
[EventDate "2000.??.??"]

1. d4 Nf6 2. Nf3 d5 3. c3 Nbd7 4. e3 e6 5. Nbd2 Bd6 6. Bd3 O-O 7. O-O e5 8. e4
exd4 9. Nxd4 Nc5 10. Bc2 Nfxe4 11. Nxe4 Nxe4 12. Qf3 Qh4 13. g3 Qe7 14. Re1 Re8
15. Nf5 Qf6 16. Nd4 Qxf3 17. Nxf3 Bg4 18. Nd4 Bc5 19. Kg2 Bxd4 20. cxd4 Nd6 21.
Bf4 Rxe1 22. Rxe1 Nb5 23. Be3 Re8 24. Ba4 a6 25. Bxb5 axb5 26. Bd2 Be6 27. f3
c6 28. g4 Ra8 29. a3 b6 30. Rc1 Rc8 31. Bb4 g6 32. h3 Bd7 33. Kg3 Kg7 34. Kf4
h6 35. Re1 c5 36. Bc3 Kf8 37. Ke5 Bc6 38. Kd6 c4 39. Bd2 Kg7 40. Re7 Ba8 41.
Rc7 Re8 42. Re7 Rxe7 43. Kxe7 b4 44. Bxb4 b5 45. Kd7 h5 46. Bd2 hxg4 47. hxg4
Kf8 48. Kc7 Ke7 49. Bf4 f6 50. Bd2 f5 51. g5 Ke6 52. f4 Ke7 53. Bb4+ Ke6 54.
Bc5 Kf7 55. Kb6 Ke6 56. Kxb5 Kd7 57. Kb6 Bc6 58. Bb4 Ba4 59. Kc5 Ke6 60. Ba5
Be8 61. Bc7 Ba4 62. Bb8 Bb3 63. Be5 Bc2 64. Kb5 Bd3 65. Kc6 Bc2 66. Kb5 Bd3 67.
Kb4 Bc2 68. a4 Kd7 69. Kb5 Kc8 70. a5 Kb7 71. a6+ Ka8 72. Kb6 Bb3 73. a7 Bd1
74. Bd6 Bb3 75. Bc5 Bd1 76. Kc6 Bf3 77. Kd6 Be4 78. Ke6 Bf3 79. Kf6 Bh5 80. Kf7
Kb7 81. Kf6 Ka8 1/2-1/2

[Event "ICS rated blitz match"]
[Site "204.178.125.65"]
[Date "2000.06.04"]
[Round "?"]
[White "Hossa"]
[Black "QueenMaxima"]
[Result "1-0"]
[WhiteElo "2389"]
[BlackElo "2551"]
[PlyCount "147"]
[EventDate "2000.??.??"]

1. e4 e5 2. Nf3 Nc6 3. Bb5 a6 4. Ba4 Nf6 5. O-O Be7 6. Re1 b5 7. Bb3 O-O 8. c3
d6 9. h3 Na5 10. Bc2 c5 11. d4 Qc7 12. Nbd2 Bd7 13. d5 c4 14. Nf1 Nb7 15. Bg5
h6 16. Be3 Nc5 17. Ng3 a5 18. Qe2 a4 19. a3 Ra6 20. Rad1 Rfa8 21. Bb1 Bd8 22.
Rf1 Qc8 23. Nd2 Bb6 24. f4 Qe8 25. fxe5 Qxe5 26. Rf3 Kh8 27. Bd4 Nb3 28. Nxb3
axb3 29. Qf2 Bxd4 30. cxd4 Qg5 31. Rf1 R6a7 32. Kh1 Kg8 33. Nf5 Bxf5 34. Rxf5
Qg6 35. e5 Nxd5 36. Be4 Qe6 37. Qf3 Ne3 38. Qxe3 d5 39. Bb1 Rb8 40. Qe1 Rba8
41. Qg3 Qe8 42. Rf6 Kh8 43. Rd6 Rd8 44. Qf3 Rxd6 45. exd6 Kg8 46. Qxd5 Qe2 47.
Qf5 g6 48. Qc8+ Kg7 49. Rg1 Qe6 50. Qxe6 fxe6 51. Re1 Kf6 52. Rf1+ Kg7 53. d5
e5 54. Re1 Kf6 55. Re3 Rd7 56. Rg3 Rxd6 57. Rxg6+ Ke7 58. Rxd6 Kxd6 59. Be4 Kd7
60. g4 Ke7 61. h4 Kf6 62. g5+ hxg5 63. h5 g4 64. h6 c3 65. bxc3 b4 66. cxb4 Kg5
67. h7 Kf4 68. Bb1 e4 69. d6 e3 70. h8=Q b2 71. Kg2 e2 72. Qf6+ Ke3 73. Qg5+
Kd4 74. Qc5# 1-0

[Event "ICS Rated standard match"]
[Site "204.178.125.65"]
[Date "2000.06.05"]
[Round "?"]
[White "Hossa"]
[Black "RudiLenz"]
[Result "1-0"]
[WhiteElo "2353"]
[BlackElo "2159"]
[PlyCount "165"]
[EventDate "2000.??.??"]

1. e4 d5 2. exd5 Qxd5 3. Nc3 Qa5 4. Bc4 c6 5. d3 Bf5 6. Nf3 Nf6 7. O-O e6 8.
Bd2 Nbd7 9. Nd5 Qd8 10. Ne3 Bg6 11. Bc3 Bd6 12. Bb3 b5 13. a4 b4 14. Bd2 a5 15.
Nc4 Nb6 16. Nxd6+ Qxd6 17. Bg5 Nfd5 18. Qd2 f6 19. Bh4 c5 20. Bg3 Qd7 21. Qe2
O-O 22. Nd2 Kh8 23. Nc4 e5 24. Rfe1 Nxc4 25. Bxc4 Nc7 26. f4 exf4 27. Bxf4 Bf7
28. Qe7 Qxe7 29. Rxe7 Nd5 30. Bxd5 Bxd5 31. Rae1 Rfc8 32. b3 Kg8 33. Bd6 Rc6
34. Rd7 h6 35. Ree7 Kh8 36. Rxg7 Rxd6 37. Rxd6 Bxb3 38. Rc7 Bxc2 39. Rxf6 Bxd3
40. Rxh6+ Kg8 41. Rxc5 Rb8 42. Rg5+ Kf7 43. Rd6 Bc2 44. Rd7+ Ke6 45. Rdd5 Bxa4
46. Rxa5 Be8 47. Rge5+ Kf6 48. Re2 b3 49. Rb2 Bf7 50. h4 Rb4 51. Ra7 Bg6 52. g3
Bc2 53. Kf2 Rd4 54. Ra1 Rd2+ 55. Ke3 Rg2 56. Rf1+ Kg6 57. Rf3 Kh5 58. Kf4 Rg1
59. Rf2 Ra1 60. g4+ Kh6 61. Rbxc2 bxc2 62. Rxc2 Ra4+ 63. Kf3 Ra3+ 64. Kg2 Ra4
65. Kg3 Ra3+ 66. Kh2 Ra4 67. Rg2 Rb4 68. Kg3 Kg6 69. Ra2 Rb3+ 70. Kg2 Rb4 71.
Ra6+ Kg7 72. Ra7+ Kg8 73. Kg3 Rb3+ 74. Kf4 Rb4+ 75. Kg5 Rb5+ 76. Kg6 Rb6+ 77.
Kh5 Rb8 78. g5 Kh8 79. Kg6 Rb6+ 80. Kf7 Rb4 81. Ra8+ Kh7 82. g6+ Kh6 83. Rh8# {
RudiLenz checkmated} 1-0

[Event "ICS rated standard match"]
[Site "204.178.125.65"]
[Date "2000.06.05"]
[Round "?"]
[White "Gijo"]
[Black "Hossa"]
[Result "0-1"]
[WhiteElo "2090"]
[BlackElo "2360"]
[PlyCount "86"]
[EventDate "2000.??.??"]

1. e3 g6 2. d4 Bg7 3. Bd3 Nf6 4. c4 Nc6 5. Nc3 O-O 6. Nf3 d5 7. O-O Bg4 8. h3
Bxf3 9. Qxf3 Nb4 10. Qe2 Nxd3 11. Qxd3 Qd7 12. Bd2 c6 13. cxd5 cxd5 14. Rac1
Rac8 15. Qb5 Rc6 16. Qa4 a6 17. Qa3 Rfc8 18. Ne2 Rc2 19. Rxc2 Rxc2 20. Qd3 Qf5
21. Qxf5 gxf5 22. Rd1 Ne4 23. Nc3 Nxd2 24. Nxd5 e6 25. Nb4 Rxb2 26. a3 Ne4 27.
f3 Nc3 28. Rd3 Ne2+ 29. Kh2 a5 30. d5 axb4 31. d6 Bf6 32. d7 bxa3 33. Rxa3 Rd2
34. Ra8+ Kg7 35. d8=Q Bxd8 36. Rb8 Bc7+ 37. f4 Bxb8 38. h4 b5 39. h5 b4 40. h6+
Kxh6 41. e4 Bxf4+ 42. Kh3 Kg5 43. e5 Ng1# {Gijo checkmated} 0-1

[Event "ICS rated standard match"]
[Site "204.178.125.65"]
[Date "2000.06.05"]
[Round "?"]
[White "expert101"]
[Black "Hossa"]
[Result "0-1"]
[WhiteElo "2234"]
[BlackElo "2366"]
[PlyCount "78"]
[EventDate "2000.??.??"]

1. e4 e5 2. Nf3 Nc6 3. Bb5 a6 4. Ba4 d6 5. d4 b5 6. Bb3 Nxd4 7. Nxd4 exd4 8.
Bd5 Rb8 9. Qxd4 Bd7 10. c3 Nf6 11. Bg5 Be7 12. Bb3 c5 13. Qd1 Nxe4 14. Bxe7
Qxe7 15. O-O Nf6 16. Re1 Be6 17. Bxe6 fxe6 18. a4 O-O 19. axb5 axb5 20. Ra6 Ne8
21. Qe2 Nc7 22. Ra7 Ra8 23. Rb7 Qd7 24. Na3 Qc6 25. Rxc7 Qxc7 26. Qxe6+ Qf7 27.
Qxf7+ Rxf7 28. Nxb5 Rd7 29. g3 d5 30. Na3 Rb7 31. Re2 Rab8 32. Rd2 Rxb2 33.
Rxd5 R2b3 34. Nc4 Rxc3 35. Rxc5 Rf8 36. f4 Rc2 37. Rc6 g5 38. fxg5 Rb8 39. Rb6
Re8 {expert101 resigns} 0-1

[Event "ICS rated standard match"]
[Site "204.178.125.65"]
[Date "2000.06.05"]
[Round "?"]
[White "Hossa"]
[Black "expert101"]
[Result "1-0"]
[WhiteElo "2377"]
[BlackElo "2232"]
[PlyCount "57"]
[EventDate "2000.??.??"]

1. e4 e6 2. Nf3 d5 3. exd5 exd5 4. Bb5+ c6 5. Be2 Nf6 6. O-O Be7 7. d4 O-O 8.
Bf4 Bf5 9. Nh4 Be6 10. Nd2 Nbd7 11. Re1 Ne4 12. Nhf3 Ndf6 13. Ne5 Nxd2 14. Bxd2
Ne4 15. Bh5 Nxd2 16. Qxd2 Bd6 17. Re2 g6 18. Bf3 Qc7 19. Rae1 f6 20. Bg4 Bxg4
21. Nxg4 Bf4 22. Qd3 f5 23. Re7 Qb6 24. Qh3 h5 25. R1e6 Rf7 26. Rxg6+ Kf8 27.
Rxf7+ Kxf7 28. Ne5+ Ke7 29. Qh4+ {expert101 resigns} 1-0

[Event "ICS rated standard match"]
[Site "204.178.125.65"]
[Date "2000.06.05"]
[Round "?"]
[White "expert101"]
[Black "Hossa"]
[Result "1/2-1/2"]
[WhiteElo "2210"]
[BlackElo "2387"]
[PlyCount "198"]
[EventDate "2000.??.??"]

1. e4 e5 2. Nf3 Nc6 3. Bb5 a6 4. Bxc6 dxc6 5. d4 exd4 6. Qxd4 Qxd4 7. Nxd4 Bd7
8. Bg5 h6 9. Be3 Nf6 10. Nd2 c5 11. N4b3 c4 12. Nd4 O-O-O 13. f3 b5 14. c3 c5
15. Ne2 Be7 16. O-O-O Bc6 17. Bf4 Nh5 18. Be5 Ba8 19. Ng3 Nxg3 20. Bxg3 Rhg8
21. Rhe1 Rd7 22. Nf1 Bg5+ 23. Kc2 Rgd8 24. Rxd7 Kxd7 25. Rd1+ Ke6 26. Rxd8 Bxd8
27. Ne3 g6 28. Bf4 h5 29. h3 Bc6 30. Kd2 h4 31. Ng4 a5 32. a3 a4 33. Ke3 Bb7
34. Bh2 Ba8 35. f4 f5 36. exf5+ gxf5 37. Nf2 Bxg2 38. Bg1 Bf6 39. Bh2 Kd6 40.
Kd2 Kd5 41. Bg1 Kd6 42. Bh2 Bf3 43. Bg1 b4 44. Bh2 Ke6 45. Bg1 Bg2 46. Bh2 Kd5
47. Bg1 Kc6 48. Bh2 Bf3 49. Bg1 b3 50. Bh2 Kd6 51. Bg1 Kd5 52. Bh2 Bg2 53. Bg1
Be7 54. Bh2 Bd6 55. Ke3 Kc6 56. Bg1 Bf8 57. Kd2 Be7 58. Bh2 Bf6 59. Bg1 Kd6 60.
Bh2 Ke6 61. Bg1 Ke7 62. Bh2 Ke8 63. Bg1 Be7 64. Bh2 Kf7 65. Bg1 Bf6 66. Bh2 Bg7
67. Bg1 Ke6 68. Bh2 Kd5 69. Bg1 Bf3 70. Bh2 Be4 71. Nd1 Bd3 72. Nf2 Bc2 73. Bg1
Bf8 74. Bh2 Bd3 75. Bg1 Bd6 76. Bh2 Be4 77. Ke3 Bc2 78. Kd2 Kc6 79. Ke3 Kd7 80.
Kd2 Ke6 81. Ke3 Bb1 82. Kd2 Kd5 83. Ke3 Bf8 84. Kd2 Be7 85. Bg1 Bd6 86. Bh2 Kc6
87. Ke3 Bd3 88. Kd2 Be7 89. Bg1 Bf1 90. Bh2 Bf6 91. Bg1 Kd5 92. Bh2 Be7 93. Bg1
Bd6 94. Bh2 Kc6 95. Ke3 Be7 96. Kd2 Bf6 97. Bg1 Kb5 98. Bh2 Bg2 99. Bg1 Be7
1/2-1/2

[Event "ICS rated standard match"]
[Site "204.178.125.65"]
[Date "2000.06.05"]
[Round "?"]
[White "Hossa"]
[Black "star"]
[Result "0-1"]
[WhiteElo "2379"]
[BlackElo "2588"]
[PlyCount "97"]
[EventDate "2000.??.??"]

1. e4 e5 2. Nf3 Nc6 3. Bb5 Nd4 4. Nxd4 exd4 5. O-O Bc5 6. d3 c6 7. Bc4 d5 8.
exd5 cxd5 9. Bb5+ Kf8 10. Re1 Nf6 11. Ba4 Bg4 12. f3 Bd7 13. Bxd7 Nxd7 14. Bf4
Qf6 15. Qc1 Rc8 16. Re2 Kg8 17. a4 Bb4 18. Bg5 Qc6 19. Qf1 Nf8 20. f4 f6 21.
Bh4 Ng6 22. Bg3 h5 23. f5 Ne7 24. Be1 Bd6 25. a5 Qd7 26. a6 b6 27. Rf2 h4 28.
Qe2 Nxf5 29. Qg4 Qe8 30. Qxf5 Rh5 31. Qg4 Qxe1+ 32. Rf1 Qe8 33. c3 Rg5 34. Qf3
Rc7 35. Ra2 Re7 36. b3 Re3 37. Qf2 Qe5 38. Qxh4 Rh5 39. cxd4 Qe8 40. Qxh5 Qxh5
41. h3 Qg5 42. Rd1 Rxh3 43. Rf2 Rh1+ 44. Kxh1 Qh5+ 45. Kg1 Bh2+ 46. Kh1 Bg3+
47. Kg1 Qxd1+ 48. Rf1 Qe2 49. Rf3 {Hossa resigns} 0-1

[Event "ICS rated blitz match"]
[Site "204.178.125.65"]
[Date "2000.06.05"]
[Round "?"]
[White "PostModernist"]
[Black "Hossa"]
[Result "0-1"]
[WhiteElo "2673"]
[BlackElo "2412"]
[PlyCount "96"]
[EventDate "2000.??.??"]

1. d4 Nf6 2. c4 c5 3. d5 g6 4. Nc3 Bg7 5. e4 d6 6. Nf3 Bg4 7. Be2 O-O 8. O-O
Nbd7 9. h3 Bxf3 10. Bxf3 Ne5 11. Be2 Qc7 12. Be3 Qb6 13. Qd2 Qb4 14. b3 Qa5 15.
Rfd1 Qc7 16. Bh6 Bxh6 17. Qxh6 Kh8 18. f4 Ned7 19. g4 Ng8 20. Qh4 e5 21. dxe6
fxe6 22. Nb5 Qc6 23. Rxd6 Qxe4 24. Bd3 Qe3+ 25. Qf2 Qxh3 26. Rxd7 Nf6 27. Rd6
Nxg4 28. Qb2+ e5 29. Rf1 Qg3+ 30. Kh1 Rxf4 31. Rxf4 Qxf4 32. Nc3 Nf2+ 33. Qxf2
Qxf2 34. Ne4 Qxa2 35. Nxc5 b6 36. Nd7 Qxb3 37. Kg2 Qd1 38. Nf6 Qd2+ 39. Kh1 Rf8
40. Ne4 Qd1+ 41. Kg2 Qg4+ 42. Ng3 Rf3 43. Rd8+ Kg7 44. Rd7+ Kh6 45. Rxh7+ Kxh7
46. Bxg6+ Kxg6 47. Kg1 Qxg3+ 48. Kh1 Rf1# 0-1